| 000 | 00509nam a2200157 a 4500 | ||
|---|---|---|---|
| 001 | 000028218 | ||
| 005 | 20200930031441.0 | ||
| 008 | 110407s1986 dr 000 0 spa d | ||
| 040 |
_aDO-SdBNP _bspa _cBNPHU |
||
| 082 |
_axxx _aV427a |
||
| 245 | 0 | 1 |
_a20 años al servicio de la comunidad : _bciudadanos primero empresario después. |
| 246 | 1 | 0 | _aVeinte años al servicio de la comunidad |
| 260 |
_aSanto Domingo : _bFundación Dominicana de Desarrollo, _c[1986?]. |
||
| 300 |
_a48 p. ; _c28 cm. |
||
| 049 | _aBNPD | ||
| 999 |
_c27710 _d27710 |
||